| 000 | 00682nam a2200241 4500 | ||
|---|---|---|---|
| 001 | 35641 | ||
| 003 | BD-RjUL | ||
| 005 | 20211209052345.0 | ||
| 008 | 710622t19711940nyua bs 001 0 eng | ||
| 035 | _a(BD-RjUL) | ||
| 040 |
_aDLC _cDLC _dDLC _beng |
||
| 041 | _aeng | ||
| 082 | 0 | 0 |
_a312.0973 _bWIS 1971 |
| 100 | 1 |
_aWillcox, Walter Francis, _d1861-1964. _9108519 |
|
| 245 | 1 | 0 | _aStudies in American demography / |
| 260 |
_aNew York : _bRussell & Russell ; _c1971 |
||
| 300 |
_axxx, 556 p. : _billus. ; _c23 cm. |
||
| 504 | _aBibliography: p. 541-547. | ||
| 651 | 0 |
_aUnited States _xPopulation. _940155 |
|
| 942 |
_2ddc _cBK |
||
| 999 |
_c35641 _d35641 |
||